عرض عادي
عرض مارك
- علم الاجتماع التربوي
مدخل مصطلح موضوعي
001 - رقم الضبط
- حقل الضبط: 17379
003 - معرف رقم الضبط
- حقل الضبط: OSt
005 - تاريخ ووقت أخر عملية
- حقل الضبط: 20121007173254.0
008 - عناصر بيانات ثابتة الطول
- حقل تحكم ثابت الطول: 121007|||a|||||| | ||| d
040 ## - مصدر الفهرسة
- هيئة الفهرسة الأصلية: OSt
- وكالة الكتابة: OSt
150 ## - مدخل-- مصطلح تاريخي
- عنصر مدخل المصطلح الموضوعي او الاسم الجغرافي: علم الاجتماع التربوي
- تفريع عام: فلسفة
670 ## - بيانات المصدر موجوده
- الاستشهاد بالمصدر: Work cat.: (OSt)27854: مصطفى، صلاح عبد الحميد 2757, قراءات في اجتماعيات التربية /, 2006
